LEADER 01186nam a2200265 i 4500 001 000000162298 003 CaOOAMICUS 005 20180319000000.0 008 180319s1972 it u000 u ita u 013 $a139662 040 $aSeMil$bita 100 1 $aScheffler, Israel <1923->.$0(OLS)http://semarc/name/26161 240 14$aThe language of education.$0(OLS)http://semarc/title/145918 245 13$aIl linguaggio della pedagogia /$cIsrael Scheffler ; edizione italiana a cura di Sergio De Giacinto. 260 $aBrescia :$bLa Scuola,$ccopyr. 1972. 300 $a189 p. ;$c21 cm. 490 0 $aMeridiani dell'educazione : collana di pedagogia straniera contemporanea 650 4$aPedagogia - Studi.$0(OLS)http://semarc/subject/1964 700 1 $aDe Giacinto, Sergio.$0(OLS)http://semarc/name/32826 830 0$aMeridiani dell'educazione.$0(OLS)http://semarc/title/18566 850 $aSeMil 852 $aSeMil$W1$xVenegono$y1$m2Q III 527$j113657$B113657$CSeMilBibl$Z2$F124280 $81 961 $aRecupero: Seminario di Seveso 996 $6245$aIl linguaggio della pedagogia$9(OLS)http://semarc/title/145917 996 $6260$aBrescia :$bLa Scuola$9(OLS)http://semarc/publisher/29831 LEADER 00599nab a2200145 i 4500 001 000000261084 003 CaOOAMICUS 005 20180831164603.0 008 180831n xx uu u0 0und r 013 $a2002 040 $aSeMil$bita 245 10$a[vedi periodico]. 773 0 $tCattolicità della missione ; L'annuncio missionario di Dio nell'Europa di oggi.$dBologna : EMI-SERMIS, 2004.$z88-307-1322-8$w()137572 774 0 $aDe Marchi, Benito $tAnnuncio missionario di Dio nell'Europa di oggi. - Titolo dalla copertina.$w()304621 996 $6245$a[vedi periodico]$9(OLS)http://semarc/title/309439